000 01225nam a2200361Ia 4500
001 dia_6560
003 CHAP
005 20230518121304.0
008 220117s2013 xx 000 0 und d
010 _a177542
020 _a978-0-85709-525-1
040 _cCHAP
082 _a664 F65 2013
245 _aFood microstructures : microscopy, measurement and modelling /
_c edición V. J. Morris y K. Groves
260 _aEstados Unidos de América :
_b Woodhead Publishing Limited,
_c2013
300 _axxxiii, 438 p.
440 _aWoodhead Publishing in food science, technology, and nutrition ; 254
_9161451
503 _aI. 271632 (ej.1) \ I. 271626 (ej.2)
504 _aIncluye bibliografías
590 _aTX543 F66 2013
650 _aAlimentos
_xAnálisis
_94164
650 _aAlimentos
_xComposición
_9147780
650 _aFoods
_xAnalysis
_9149576
650 _aFoods
_xComposition
_9149564
650 _aMicroestructura
_9161452
650 _aMicrostructure
_9161453
700 _aGroves, K., ed.
_9161454
700 _aMorris, V. J., ed.
_9161455
901 _a664 F65 2013
902 _aA
905 _a5232272013 -usaimn8222223322eng16
942 _cLIBRO
_2ddc
999 _c177542
_d177542